[Event "FRA-ch Rapid"]
[Site "Saint Maur des Fosses"]
[Date "2025.06.14"]
[Round "8"]
[White "Travadon, Loic"]
[Black "Borne, Felix"]
[Result "1-0"]
[WhiteElo "2482"]
[BlackElo "2068"]
[PlyCount "72"]
[EventDate "2025.06.14"]
[EventType "swiss"]
[EventRounds "9"]
[EventCountry "FRA"]
[SourceTitle "CB25_2025"]
[SourceDate "2025.06.18"]
[SourceVersion "1"]
[SourceVersionDate "2025.06.18"]
[SourceQuality "1"]

1. e4 c5 2. Nf3 Nc6 3. Bb5 g6 4. 0-0 Bg7 5. Bxc6 dxc6 6. d3 Nf6 7. a4 a5 8. Re1 Bg4 9. Nbd2 e5 10. Nc4 Nd7 11. Nd6+ Ke7 12. Nc4 Nf8 13. h3 Bxf3 14. Qxf3 Ne6 15. Qg3 Qc7 16. Bd2 Rhe8 17. Bc3 Nd4 18. Bxd4 cxd4 19. Rf1 Kf8 20. Qh4 Kg8 21. f4 exf4 22. Rxf4 b5 23. Nd2 h6 24. Rf3 h5 25. Nb3 Qe5 26. Qf2 Re7 27. Kh1 Rd7 28. Qd2 Kh7 29. axb5 cxb5 30. Nxa5 Rda7 31. b4 Bh6 32. Qf2 Kg7 33. Rf1 Qe6 34. Qxd4+ Kh7 35. Qf2 Kg8 36. Rf6 Qe7 1-0

[Event "FRA-ch U14"]
[Site "Vichy"]
[Date "2025.04.30"]
[Round "5"]
[White "Borne, Felix"]
[Black "Breuil, Virgile"]
[Result "0-1"]
[WhiteElo "2225"]
[BlackElo "2125"]
[PlyCount "74"]
[EventDate "2025.04.27"]
[EventType "swiss"]
[EventRounds "9"]
[EventCountry "FRA"]
[SourceTitle "CB19_2025"]
[SourceDate "2025.05.07"]
[SourceVersion "1"]
[SourceVersionDate "2025.05.07"]
[SourceQuality "1"]

1. Nf3 Nf6 2. g3 b5 3. Bg2 Bb7 4. d3 e6 5. e4 d6 6. 0-0 Be7 7. a4 a6 8. Nc3 b4 9. Ne2 c5 10. c3 Nc6 11. cxb4 Nxb4 12. Nc3 0-0 13. Re1 Nd7 14. Na2 Nc6 15. Rb1 a5 16. d4 Bf6 17. Be3 e5 18. dxc5 dxc5 19. Nc3 Nd4 20. Nd2 Rb8 21. f4 Ba6 22. Nf3 Re8 23. Nd5 Bb7 24. Nxf6+ Qxf6 25. Nxe5 Nxe5 26. fxe5 Qb6 27. Bf4 Rbd8 28. Qg4 Bc8 29. Qh5 Ne6 30. Rf1 Ba6 31. Rf2 Bd3 32. Re1 Nxf4 33. Rxf4 c4+ 34. Kh1 Qg6 35. Qh4 Rb8 36. Rg4 Qe6 37. Qf6 Qxg4 0-1

[Event "FRA-ch U14"]
[Site "Vichy"]
[Date "2025.04.27"]
[Round "1"]
[White "Borne, Felix"]
[Black "Montaigu Dupont, Gabriel"]
[Result "1-0"]
[WhiteElo "2225"]
[BlackElo "1795"]
[PlyCount "75"]
[EventDate "2025.04.27"]
[EventType "swiss"]
[EventRounds "9"]
[EventCountry "FRA"]
[SourceTitle "CB19_2025"]
[SourceDate "2025.05.07"]
[SourceVersion "1"]
[SourceVersionDate "2025.05.07"]
[SourceQuality "1"]

1. Nf3 d5 2. g3 c5 3. Bg2 Nc6 4. d4 cxd4 5. Nxd4 Nf6 6. 0-0 e5 7. Nxc6 bxc6 8. c4 Bb7 9. cxd5 cxd5 10. Nc3 Be7 11. Bg5 e4 12. Qb3 Bc6 13. Rad1 Rb8 14. Qc2 0-0 15. Bxf6 Bxf6 16. Nxe4 Rb6 17. Nxf6+ Qxf6 18. b3 Rd8 19. e3 h6 20. Rd4 Bb7 21. Rfd1 Rbd6 22. Qd2 Qe5 23. e4 Rc8 24. exd5 Qf5 25. Qb4 Rc2 26. R4d2 Rxd2 27. Qxd2 Qe5 28. Re1 Qh5 29. Qc2 g6 30. Qc7 Rb6 31. d6 Bxg2 32. d7 Qa5 33. d8Q+ Kg7 34. Qxf7+ Kxf7 35. Re7+ Kf6 36. Qf8+ Kg5 37. Qf4+ Kh5 38. Qh4# 1-0

[Event "Reykjavik op"]
[Site "Reykjavik"]
[Date "2025.04.13"]
[Round "7"]
[White "Borne, Felix"]
[Black "Williams, Simon Kim"]
[Result "1-0"]
[WhiteElo "2225"]
[BlackElo "2451"]
[PlyCount "89"]
[EventDate "2025.04.09"]
[EventType "swiss"]
[EventRounds "9"]
[EventCountry "ISL"]
[SourceTitle "CB17_2025"]
[SourceDate "2025.04.23"]
[SourceVersion "1"]
[SourceVersionDate "2025.04.23"]
[SourceQuality "1"]

1. Nf3 f5 2. g3 Nf6 3. Bg2 e6 4. 0-0 Be7 5. c4 d5 6. b3 Ne4 7. Bb2 Bf6 8. Qc2 Nc6 9. d3 Nd6 10. Nbd2 0-0 11. a3 a5 12. e4 dxe4 13. dxe4 Bxb2 14. Qxb2 Nxe4 15. Nxe4 fxe4 16. Nd2 e5 17. Nxe4 Nd4 18. f4 Bg4 19. fxe5 Nf3+ 20. Bxf3 Rxf3 21. Nf2 Be6 22. Ne4 Re3 23. Rae1 Rxe1 24. Rxe1 Qe7 25. c5 Rd8 26. Qc3 Bd5 27. b4 axb4 28. axb4 Re8 29. Qd4 Be6 30. Qe3 h6 31. Nf2 Bd5 32. Nd3 g5 33. Nf2 Kg7 34. Ng4 Bc6 35. Nf6 Rd8 36. Qc3 Qe6 37. Qc2 Rh8 38. Nh5+ Kf7 39. Qf2+ Kg6 40. Nf6 h5 41. Qe3 Qa2 42. Ne4 Bxe4 43. Qxe4+ Kh6 44. Rf1 Kg7 45. Qf5 1-0

[Event "Reykjavik op"]
[Site "Reykjavik"]
[Date "2025.04.10"]
[Round "3"]
[White "Draskovic, Luka"]
[Black "Borne, Felix"]
[Result "1/2-1/2"]
[WhiteElo "2488"]
[BlackElo "2225"]
[PlyCount "88"]
[EventDate "2025.04.09"]
[EventType "swiss"]
[EventRounds "9"]
[EventCountry "ISL"]
[SourceTitle "CB17_2025"]
[SourceDate "2025.04.23"]
[SourceVersion "1"]
[SourceVersionDate "2025.04.23"]
[SourceQuality "1"]

1. c4 Nf6 2. Nf3 e6 3. g3 d5 4. Bg2 Be7 5. 0-0 0-0 6. b3 c5 7. cxd5 Nxd5 8. Bb2 Nc6 9. d4 cxd4 10. Nxd4 Nxd4 11. Qxd4 Bf6 12. Qd2 b6 13. Rd1 Bb7 14. Na3 Qe7 15. e4 Bxb2 16. Qxb2 Nb4 17. Nc4 Rfd8 18. a3 Nd3 19. Qc2 Nc5 20. b4 Na6 21. Qa4 Qc7 22. Rxd8+ Rxd8 23. Rd1 Rxd1+ 24. Qxd1 Bc6 25. h4 Kf8 26. Qd4 Nb8 27. Nd6 Qd7 28. b5 Ba8 29. e5 Bxg2 30. Kxg2 Qc7 31. Qf4 Qe7 32. Qe4 f5 33. Qc4 Qd7 34. a4 Ke7 35. Qf4 Kf8 36. g4 g6 37. Kh2 Qe7 38. gxf5 exf5 39. e6 Qxe6 40. Nxf5 Qxf5 41. Qxb8+ Kg7 42. Qxa7+ Kh6 43. Qxb6 Qf4+ 44. Kg2 Qg4+ 1/2-1/2

[Event "Basel Christmas op"]
[Site "Basel"]
[Date "2023.12.26"]
[Round "1"]
[White "Borne, Felix"]
[Black "Vignesh, NR."]
[Result "0-1"]
[WhiteElo "2140"]
[BlackElo "2529"]
[PlyCount "60"]
[EventDate "2023.12.26"]
[EventType "swiss"]
[EventRounds "9"]
[EventCountry "SUI"]
[SourceTitle "CBM 218 Extra"]
[Source "ChessBase"]
[SourceDate "2024.03.31"]
[SourceVersion "1"]
[SourceVersionDate "2024.03.31"]
[SourceQuality "1"]

1. d4 Nf6 2. c4 e6 3. Nc3 Bb4 4. e3 0-0 5. Bd3 d5 6. cxd5 exd5 7. a3 Bd6 8. Qc2 c6 9. Nge2 Re8 10. Bd2 a5 11. f3 c5 12. 0-0-0 Nc6 13. Bb5 Bd7 14. Kb1 Qb6 15. dxc5 Bxc5 16. Nf4 Bd6 17. Qa4 Bf5+ 18. Ka1 Bxf4 19. Qxf4 Bg6 20. Bc1 Red8 21. Bd3 d4 22. Na4 Qb3 23. Nc5 Qd5 24. Ne4 Nxe4 25. Bxe4 Bxe4 26. fxe4 Qb3 27. Kb1 Nb4 28. axb4 axb4 29. Rdf1 f6 30. Qf5 d3 0-1

[Event "FRA-ch U12/16"]
[Site "Agen"]
[Date "2023.04.28"]
[Round "7"]
[White "Tureshbayev, Anuar"]
[Black "Borne, Felix"]
[Result "1-0"]
[WhiteElo "1778"]
[BlackElo "1881"]
[PlyCount "115"]
[EventDate "2023.04.23"]
[EventType "swiss"]
[EventRounds "9"]
[EventCountry "FRA"]
[SourceTitle "CBM 214 Extra"]
[Source "ChessBase"]
[SourceDate "2023.07.31"]
[SourceVersion "1"]
[SourceVersionDate "2023.07.31"]
[SourceQuality "1"]

1. e4 c6 2. d4 d5 3. exd5 cxd5 4. Bf4 Nc6 5. c3 Bf5 6. Qb3 Qd7 7. Nf3 e6 8. Na3 Nf6 9. Ne5 Qc8 10. Nb5 Nh5 11. Nxc6 bxc6 12. Nd6+ Bxd6 13. Bxd6 Nf6 14. f3 Kd7 15. Be5 Ne8 16. a4 f6 17. Bg3 Nd6 18. Be2 Qc7 19. 0-0 c5 20. c4 Qb6 21. Qa3 Rhc8 22. Rac1 Nxc4 23. Bxc4 dxc4 24. Rxc4 cxd4 25. a5 Qb7 26. Rxd4+ Ke8 27. Rfd1 e5 28. Rd5 Kf7 29. Bf2 Rab8 30. Qa2 Kg6 31. R5d2 h5 32. Qa3 Rc4 33. Qd6 a6 34. Bb6 Rbc8 35. b4 h4 36. h3 e4 37. fxe4 Qxe4 38. Rd4 Qe2 39. Bc5 Rc2 40. R4d2 Qc4 41. Rxc2 Qxc2 42. Qd2 Qc4 43. Rf1 Qd3 44. Qf4 Rh8 45. Rf3 Qd1+ 46. Kh2 Rh5 47. Bf2 Kh7 48. Bxh4 Qc2 49. Bf2 Be4 50. Re3 Bc6 51. Rg3 Rf5 52. Qh4+ Kg8 53. Bd4 Kf7 54. Qh7 Ke6 55. Qg8+ Kd6 56. Bc5+ Ke5 57. Qb8+ Ke4 58. Qd6 1-0

[Event "Wch U12"]
[Site "Batumi"]
[Date "2022.09.25"]
[Round "9"]
[White "Qalabegashvili, Data"]
[Black "Borne, Felix"]
[Result "1-0"]
[WhiteElo "1502"]
[BlackElo "1829"]
[PlyCount "64"]
[EventDate "2022.09.16"]
[EventType "swiss"]
[EventRounds "11"]
[EventCountry "GEO"]
[SourceTitle "EXT 2023"]
[Source "ChessBase"]
[SourceDate "2022.10.05"]
[SourceVersion "1"]
[SourceVersionDate "2022.10.05"]
[SourceQuality "1"]

1. e4 c5 2. Nf3 Nc6 3. Bb5 g6 4. Bxc6 dxc6 5. d3 Nf6 6. Nc3 Qc7 7. Be3 b6 8. h3 e5 9. 0-0 Bg7 10. Nd2 Nh5 11. a4 a5 12. Nc4 Ba6 13. b3 Nf4 14. Qd2 0-0 15. Rae1 Rad8 16. Ne2 b5 17. Qxa5 Qb7 18. Bxc5 bxc4 19. Bxf8 Rxf8 20. Nxf4 exf4 21. bxc4 Ra8 22. Rb1 Qd7 23. Rb6 Qc7 24. Qc5 Bb7 25. Rfb1 Ra7 26. Qb4 Bc8 27. Rb8 Be5 28. Qb6 Kg7 29. Rxc8 Qxc8 30. Qxa7 f3 31. Qe3 fxg2 32. d4 Bc7 1-0

[Event "Wch U12"]
[Site "Batumi"]
[Date "2022.09.21"]
[Round "6"]
[White "Borne, Felix"]
[Black "Tsetskhladze, Shota"]
[Result "1-0"]
[WhiteElo "1829"]
[BlackElo "1166"]
[PlyCount "95"]
[EventDate "2022.09.16"]
[EventType "swiss"]
[EventRounds "11"]
[EventCountry "GEO"]
[SourceTitle "EXT 2023"]
[Source "ChessBase"]
[SourceDate "2022.10.05"]
[SourceVersion "1"]
[SourceVersionDate "2022.10.05"]
[SourceQuality "1"]

1. d4 Nf6 2. c4 g6 3. Nc3 Bg7 4. e4 d6 5. h3 0-0 6. Be3 Nbd7 7. g4 a6 8. Bg2 c6 9. f4 e5 10. dxe5 dxe5 11. f5 h6 12. h4 h5 13. g5 Ng4 14. Qd2 Re8 15. Bh3 Nxe3 16. Qxe3 b5 17. cxb5 axb5 18. Nf3 Qb6 19. Qxb6 Nxb6 20. f6 Bxh3 21. Rxh3 Bf8 22. Ke2 Na4 23. Nxa4 Rxa4 24. Nd2 Rea8 25. a3 b4 26. Rc1 bxa3 27. bxa3 Rxa3 28. Rxa3 Rxa3 29. Rxc6 Bb4 30. Rc8+ Kh7 31. Nc4 Rc3 32. Rc6 Rc2+ 33. Kd3 Rc3+ 34. Ke2 Rc2+ 35. Kd1 Rc3 36. Nxe5 Rxc6 37. Nxc6 Bd6 38. e5 Bc7 39. Ke2 Kg8 40. Kf3 Kf8 41. Ke4 Ke8 42. Kd5 Kd7 43. Nd4 Bb8 44. e6+ fxe6+ 45. Nxe6 Ke8 46. Nd4 Kf7 47. Nc6 Bg3 48. Ne5+ 1-0

[Event "Wch U12"]
[Site "Batumi"]
[Date "2022.09.19"]
[Round "4"]
[White "Borne, Felix"]
[Black "Deysel, Kaleb"]
[Result "1-0"]
[WhiteElo "1829"]
[BlackElo "1108"]
[PlyCount "75"]
[EventDate "2022.09.16"]
[EventType "swiss"]
[EventRounds "11"]
[EventCountry "GEO"]
[SourceTitle "EXT 2023"]
[Source "ChessBase"]
[SourceDate "2022.10.05"]
[SourceVersion "1"]
[SourceVersionDate "2022.10.05"]
[SourceQuality "1"]

1. d4 d5 2. c4 e6 3. Nc3 Nf6 4. cxd5 exd5 5. Bg5 Be7 6. e3 0-0 7. Bd3 Nbd7 8. Nge2 Re8 9. 0-0 Nf8 10. Qc2 g6 11. f3 Ne6 12. Bh4 c6 13. Bf2 b5 14. e4 b4 15. Na4 dxe4 16. fxe4 Ng4 17. Bc4 Nxf2 18. Rxf2 Rf8 19. Rd1 Qc7 20. e5 Bb7 21. Ng3 Rad8 22. Bxe6 fxe6 23. Rxf8+ Rxf8 24. Qc4 Qd7 25. Nc5 Bxc5 26. Qxc5 Qd5 27. Nf1 Qxc5 28. dxc5 Rf7 29. Ng3 a5 30. Ne4 Kg7 31. Nd6 Re7 32. Ne4 Ba6 33. Rd8 Bb5 34. Nd6 Ba6 35. Ra8 Bb7 36. Ra7 a4 37. Rxb7 Rxb7 38. Nxb7 1-0

[Event "Wch U12"]
[Site "Batumi"]
[Date "2022.09.17"]
[Round "2"]
[White "Borne, Felix"]
[Black "Nithik, Reddy Bhavanam"]
[Result "0-1"]
[WhiteElo "1829"]
[BlackElo "1367"]
[PlyCount "142"]
[EventDate "2022.09.16"]
[EventType "swiss"]
[EventRounds "11"]
[EventCountry "GEO"]
[SourceTitle "EXT 2023"]
[Source "ChessBase"]
[SourceDate "2022.10.05"]
[SourceVersion "1"]
[SourceVersionDate "2022.10.05"]
[SourceQuality "1"]

1. d4 Nf6 2. c4 d6 3. Nf3 Nbd7 4. Nc3 e5 5. e3 c6 6. Bd3 Be7 7. 0-0 0-0 8. b3 a6 9. a4 a5 10. Qc2 Qc7 11. Rd1 Re8 12. Ba3 Bf8 13. Rac1 g6 14. d5 Nc5 15. Bxc5 dxc5 16. Ng5 Nd7 17. Be2 h6 18. Ne6 Qb8 19. Bf3 Ra6 20. h4 Nf6 21. Nxf8 Rxf8 22. d6 Bf5 23. e4 Be6 24. Qd3 b6 25. Qe3 Kg7 26. Rd3 Ra7 27. Be2 Nd7 28. f4 Qd8 29. Qg3 exf4 30. Qxf4 Qf6 31. g3 Qe5 32. Rf1 g5 33. Qf3 Nf6 34. Qg2 Rg8 35. Rdf3 Qd4+ 36. Kh1 Nd7 37. Rd3 Qe5 38. Nd1 gxh4 39. gxh4+ Kh7 40. Qf3 Rg4 41. Rf2 Rxh4+ 42. Kg1 Ra8 43. Ne3 Rg8+ 44. Rg2 Rh3 45. Qf1 Rxg2+ 46. Nxg2 Rxd3 47. Bxd3 Qd4+ 48. Kh1 Ne5 49. Nf4 Qxd6 50. Be2 Ng6 51. Nh5 Qe5 52. Qf3 Qa1+ 53. Kh2 Qe5+ 54. Kg1 Qg5+ 55. Kh1 Ne5 56. Qf2 f5 57. Nf4 Bf7 58. exf5 Qxf5 59. Qe3 Kg7 60. Qg3+ Qg5 61. Qe3 Kf6 62. Qd2 Be6 63. Qd8+ Kf5 64. Qf8+ Qf6 65. Nxe6 Kxe6 66. Qc8+ Kd6 67. Qb8+ Ke7 68. Qxb6 Qh4+ 69. Kg2 Qe4+ 70. Kf2 Qh4+ 71. Ke3 Qd4# 0-1

[Event "FRA-ch U12"]
[Site "Agen"]
[Date "2022.04.23"]
[Round "8"]
[White "Borne, Felix"]
[Black "Lefrancois, Jean"]
[Result "1-0"]
[WhiteElo "1780"]
[BlackElo "1576"]
[PlyCount "85"]
[EventDate "2022.04.16"]
[EventType "swiss"]
[EventRounds "9"]
[EventCountry "FRA"]
[SourceTitle "EXT 2023"]
[Source "ChessBase"]
[SourceDate "2022.10.05"]
[SourceVersion "1"]
[SourceVersionDate "2022.10.05"]
[SourceQuality "1"]

1. d4 d5 2. c4 e6 3. Nc3 c6 4. Nf3 dxc4 5. g3 b5 6. a4 Bb4 7. Bg2 Bb7 8. 0-0 a6 9. Ne4 Nd7 10. Ne5 Nxe5 11. dxe5 Qc7 12. Bd2 Be7 13. axb5 axb5 14. Rxa8+ Bxa8 15. Qa1 Qb8 16. Rd1 f5 17. exf6 Nxf6 18. Bf4 Qc8 19. Ng5 e5 20. Bh3 Qb7 21. Bxe5 h6 22. Ne6 Kf7 23. Nf4 g5 24. Bxf6 Bxf6 25. Rd7+ Qxd7 26. Bxd7 gxf4 27. Bf5 fxg3 28. hxg3 Rd8 29. Qa7+ Be7 30. Qe3 Rd6 31. f4 c5 32. Qc1 Bf6 33. e4 Bd4+ 34. Kf1 Ra6 35. Bd7 Bxe4 36. Bxb5 Ra5 37. Bxc4+ Kf6 38. Qe1 Ra4 39. Bb5 Ra2 40. Qxe4 Rxb2 41. Bc4 Rb6 42. Qh7 Rb4 43. Qf7# 1-0